000 00642nam a2200193 a 4500
005 20210223130040.0
008 060922s2003 mx r 000 0 spa d
020 _a987000279X
035 _aUPN01000147307
049 _aCG
050 4 _aHV903
_bS3.2
100 1 _aScholand, Cristina,
_d1963-
245 1 1 _a¿Alguna vez mi hijo podrá...? :
_borientación para padres de niños con discapacidad física /
_cCristina Scholand.
260 _aBuenos Aires :
_bLumen,
_c2003.
300 _a175 p.
650 4 _aNIÑOS CON DISCAPACIDAD -
_xCUIDADO E HIGIENE
_96364
650 4 _aNIÑOS CON DISCAPACIDAD -
_xREHABILITACION
_96356
905 _aLibro
999 _c119452
_d119452